Welcome to the Holygrace Academy Library

Please use search bar below to get started

TRICKS AND MAGIC (Record no. 2111)

MARC details
000 -LEADER
fixed length control field 00292nam a22001337a 4500
020 ## - INTERNATIONAL STANDARD BOOK NUMBER
ISBN 0-7214-1020-3
082 ## - DEWEY DECIMAL CLASSIFICATION NUMBER
Classification number 823
Item number GAT/T
100 ## - MAIN ENTRY--AUTHOR NAME
Personal name GATEHOUSE, JOHN
245 ## - TITLE STATEMENT
Title TRICKS AND MAGIC
Remainder of title CHEEKY MOUSE & COOL CAT
250 ## - EDITION STATEMENT
Edition statement 1
260 ## - PUBLICATION, DISTRIBUTION, ETC. (IMPRINT)
Place of publication UK
650 ## - SUBJECT ADDED ENTRY--TOPICAL TERM
Topical Term ENGLISH SHORT STORY
942 ## - ADDED ENTRY ELEMENTS (KOHA)
Koha item type Books
Holdings
Withdrawn status Lost status Collection code Home library Current library Shelving location Date acquired Source of acquisition Full call number Accession Number Koha item type
    Fiction Main Library Main Library SHELF 3-B- LADY BIRD STORY BOOKS 17/05/2014 PURCHASE 823 GAT/T 06830 Books